000 00502nam a2200169Ia 4500
008 090711s9999 xx 000 0 und d
082 _b18652
100 _aभागवत दिनकर
245 _aमुलांSो नेताजी
260 _c1947
300 _a35
600 _aभागवत दिनकर
630 _aमुलांSो नेताजी
700 _aभागवत दिनकर
730 _aमुलांSो नेताजी
942 _cBOOK
999 _c322087
_d322087